Calamity and Addons Ores and Bars - Statistics

General Stats
  • This quiz has been taken 40 times
  • The average score is 8 of 15
Answer Stats
Answer % Correct
Auric
87%
Perennial
73%
Uelibloom
73%
Cryonic
70%
Scoria
70%
Aerialite
67%
Disenchanted Aerialite
67%
Astral
53%
Cosmilite
40%
Shadowspec
40%
Hallowed
37%
Exodium
33%
Sea Prism
30%
Infernal Suevite
27%
Metanova
23%
No matching quizzes found
Score Distribution
Percent of People with Each Score
Percentile by Number Answered
Your Score History
You have not taken this quiz